000 01803cam a22004334i 4500
003 PE-LiUPU
005 20250731173142.0
008 150623s r 000 0 d
020 _a0664222668
035 _a(Sirsi) i9780664222666
040 _aPE-LiUPU
_bspa
_cPE-LiUPU
_erda
049 _aPRUA
082 0 4 _a207.11
_bC153i
_221
100 1 _aCalian, Carnegie Samuel,
_eautor.
245 1 4 _aThe ideal seminary :
_bpursuing excellence in theological education /
_cCarnegie Samuel Calian.
264 1 _aLouisville-London :
_bWestminster John Knox Press,
_c2002.
300 _a137 páginas ;
_c23 centímetros.
336 _atext
_2rdacontent
337 _aunmediated
_2rdamedia
338 _avolume
_2rdacarrier
504 _aIncluye referencias bibliográficas páginas: 129-131.
505 0 _aInstitutional challenges: seminary education and leadership, the search for excellence among theological schools, academic freedom and seminary education, who owns the seminary?. Program challenges: tomorrow's seminary curriculum, making the world your classroom, the globalization and multiculturalization of theological education, expanding the horizons of seminary education. Student Concerns: who is qualified to minister?, going through seminary without losing your faith, the place of prayer in seminary education, toward the ideal seminary.
526 _aSEG42
526 _aSEG41
526 _aSEG40
526 _aSEG39
526 _aP94
526 _aP87
526 _aP86
526 _aP85
526 _aP77
526 _aP76
526 _aP35
650 0 0 _aTeología
_xEstudio y enseñanza
_91515
650 0 0 _aTeología
_xSeminarios
_91517
942 _2ddc
_cBK
980 _81
_gALBERTO SANCHEZ Responsable de Automatización
999 _c34764
_d34764